| 000 | 00752cab a2200217 4500 | ||
|---|---|---|---|
| 001 | X2439 | ||
| 008 | 090401t1995 xxu||||| |||| 00| 0 eng d | ||
| 035 | _a(Sirsi) u24252 | ||
| 041 | _aeng | ||
| 245 | _aBradic`s application for judicial review | ||
| 260 | _c1995 | ||
| 350 | _a0 | ||
| 490 |
_aNew Property Cases _v(1995) NPC 137 |
||
| 520 | _aCA 17 July 1995. In Housing Act 1985 s59(1)(d), an `emergency` giving rise to a priority housing need will be similar to fire or flood. It will not include unlawful eviction. Not to be photocopied. | ||
| 650 | _aHOMELESS | ||
| 650 | _aHOUSING ACT 1985 S59(1)(D) | ||
| 650 | _aUNLAWFUL EVICTION | ||
| 690 | _aLANDLORD AND TENANT-CASE LAW-RESIDENTIAL TENANCIES | ||
| 942 | _n0 | ||
| 948 | _c04/03/1997 | ||
| 999 |
_c16251 _d16251 |
||